Pokédex en images : Écarlate et Violet - Statistiques

Statistiques générales
  • Ce quiz a été pris 15 fois
  • Le résultat moyen est 301 sur 400
Statistiques - réponses
Par images Réponse % Correct
Chochodile
100%
Coiffeton
100%
Poussacha
100%
Akwakwak
89%
Apireine
89%
Apitrini
89%
Aquali
89%
Arcanin
89%
Archéodong
89%
Archéomire
89%
Axoloto
89%
Azumarill
89%
Barbicha
89%
Barloche
89%
Baudrive
89%
Bekipan
89%
Caninos
89%
Chamallot
89%
Charbambin
89%
Colossinge
89%
Compagnol
89%
Corboss
89%
Cornèbre
89%
Cotovol
89%
Coupenotte
89%
Cradopaud
89%
Crikzik
89%
Croquine
89%
Démolosse
89%
Deusolourdo
89%
Ectoplasma
89%
Électrode
89%
Étourmi
89%
Évoli
89%
Famignol
89%
Fantominus
89%
Férosinge
89%
Feuforêve
89%
Flabébé
89%
Flâmigator
89%
Floravol
89%
Gardevoir
89%
Girafarig
89%
Goélise
89%
Granivol
89%
Grodoudou
89%
Grodrive
89%
Grotadmorv
89%
Hélionceau
89%
Insolourdo
89%
Lainergie
89%
Leveinard
89%
Léviator
89%
Lixy
89%
Luxio
89%
Magicarpe
89%
Magnéti
89%
Magnéton
89%
Malosse
89%
Marill
89%
Mélokrik
89%
Mentali
89%
Miaouss
89%
Miascarade
89%
Mimiqui
89%
Mimitoss
89%
Monaflèmit
89%
Mustébouée
89%
Mustéflott
89%
Noctali
89%
Palmaval
89%
Parecool
89%
Passerouge
89%
Persian
89%
Phanpy
89%
Pharamp
89%
Phyllali
89%
Pichu
89%
Pikachu
89%
Pohm
89%
Psykokwak
89%
Pyroli
89%
Raichu
89%
Riolu
89%
Rocabot
89%
Rondoudou
89%
Rongrigou
89%
Soporifik
89%
Tadmorv
89%
Taupiqueur
89%
Teddiursa
89%
Têtampoule
89%
Tissenboule
89%
Tournegrin
89%
Triopikeau
89%
Triopikeur
89%
Trousselin
89%
Voltorbe
89%
Wattouat
89%
Aéromite
78%
Altaria
78%
Anchwatt
78%
Arakdo
78%
Avaltout
78%
Bacabouh
78%
Bargantua
78%
Bekaglaçon
78%
Bourrinos
78%
Braisillon
78%
Branette
78%
Briochien
78%
Brutalibré
78%
Cabriolaine
78%
Camérupt
78%
Carchacrok
78%
Carmadura
78%
Cerfrousse
78%
Charibari
78%
Charmina
78%
Chartor
78%
Chlorobule
78%
Coatox
78%
Corvaillus
78%
Courrousinge
78%
Crabagarre
78%
Crabominable
78%
Craparoi
78%
Denticrisse
78%
Dodoala
78%
Dofin
78%
Donphan
78%
Draby
78%
Draco
78%
Dracolosse
78%
Dratatin
78%
Écayon
78%
Escroco
78%
Étouraptor
78%
Étourvol
78%
Farfuret
78%
Ferdeter
78%
Flagadoss
78%
Flamenroule
78%
Flotillon
78%
Fongus-Furie
78%
Forgelina
78%
Forgella
78%
Forgerette
78%
Fragilady
78%
Fragroin
78%
Gallame
78%
Germéclat
78%
Givrali
78%
Gloupti
78%
Gourmelet
78%
Gouroutan
78%
Griknot
78%
Grimalin
78%
Gromago
78%
Groret
78%
Hariyama
78%
Haydaim
78%
Héliatronc
78%
Hippodocus
78%
Hippopotas
78%
Hypnomade
78%
Incisache
78%
Insécateur
78%
Kirlia
78%
Lampéroie
78%
Lépidonille
78%
Lestombaile
78%
Leuphorie
78%
Lougaroc
78%
Lucario
78%
Luxray
78%
Magirêve
78%
Magnézone
78%
Makuhita
78%
Malamandre
78%
Mascaïman
78%
Matourgeon
78%
Méditikka
78%
Métamorph
78%
Minidraco
78%
Minisange
78%
Motisma
78%
Motorizard
78%
Moufflair
78%
Moufouette
78%
Mucuscule
78%
Muplodocus
78%
Nymphali
78%
Olivini
78%
Piétacé
78%
Plumeline
78%
Pohmarmotte
78%
Pohmotte
78%
Polagriffe
78%
Polarhume
78%
Pomdepik
78%
Ptiravi
78%
Pyrax
78%
Pyronille
78%
Ramoloss
78%
Roigada
78%
Rongourmand
78%
Salarsen
78%
Sancoki
78%
Scalpereur
78%
Scalpion
78%
Scalproie
78%
Scarhino
78%
Scrutella
78%
Séviper
78%
Simularbre
78%
Spectrum
78%
Spoink
78%
Sucreine
78%
Superdofin
78%
Tag-tag
78%
Tarsal
78%
Taupikeau
78%
Terracool
78%
Terracruel
78%
Terraiste
78%
Théffroi
78%
Toudoudou
78%
Toutombe
78%
Tranchodon
78%
Trépassable
78%
Tritox
78%
Trompignon
78%
Tropius
78%
Tylton
78%
Tyranocif
78%
Ursaring
78%
Verpom
78%
Vigoroth
78%
Virovent
78%
Voltali
78%
Vrombi
78%
Vrombotor
78%
Wattapik
78%
Ymphect
78%
Yuyu
78%
Zoroark
78%
Zorua
78%
Amassel
67%
Ampibidou
67%
Angoliath
67%
Argouste
67%
Azurill
67%
Balbalèze
67%
Balignon
67%
Beldeneige
67%
Bérasca
67%
Bleuseille
67%
Cacnea
67%
Cacturne
67%
Cadoizo
67%
Canarbello
67%
Candine
67%
Carmache
67%
Chapignon
67%
Chevroum
67%
Chongjian
67%
Cizayox
67%
Colimucus
67%
Crocogril
67%
Crocorible
67%
Crustabri
67%
Cryodo
67%
Dedenne
67%
Délestin
67%
Diamat
67%
Dimoret
67%
Dogrino
67%
Dolman
67%
Drackhaus
67%
Drattak
67%
Dunaconda
67%
Dunaja
67%
Embrylex
67%
Fantyrm
67%
Farigiraf
67%
Filentrappe
67%
Flambusard
67%
Flingouste
67%
Floette
67%
Florges
67%
Fort-Ivoire
67%
Frissonille
67%
Furaiglon
67%
Garde-de-Fer
67%
Gaulet
67%
Gigansel
67%
Grelaçon
67%
Gribouraigne
67%
Grondogue
67%
Hexadron
67%
Hexagel
67%
Hotte-de-Fer
67%
Hurle-Queue
67%
Khélocrok
67%
Kokiyas
67%
Koraidon
67%
Kravarech
67%
Lanssorien
67%
Léboulérou
67%
Lovdisc
67%
Luminéon
67%
Malvalame
67%
Mamanbo
67%
Manglouton
67%
Mangriff
67%
Manzaï
67%
Maskadra
67%
Miraidon
67%
Mite-de-Fer
67%
Momartik
67%
Némélios
67%
Nigirigon
67%
Ohmassacre
67%
Oniglali
67%
Oyacata
67%
Pachirisu
67%
Pachyradjah
67%
Pâtachiot
67%
Paume-de-Fer
67%
Pelage-Sablé
67%
Pérégrain
67%
Polichombr
67%
Prédastérie
67%
Prismillon
67%
Quartermac
67%
Qwilfish
67%
Roue-de-Fer
67%
Rugit-Lune
67%
Scovilain
67%
Selutin
67%
Séracrawl
67%
Sidérella
67%
Solochi
67%
Sonistrelle
67%
Spiritomb
67%
Stalgamin
67%
Tapatoès
67%
Tauros
67%
Ténéfix
67%
Têtes-de-Fer
67%
Tiboudet
67%
Torgamord
67%
Toxizap
67%
Trioxhydre
67%
Tritosor
67%
Venalgue
67%
Vivaldaim
67%
Vorastérie
67%
Zapétrel
67%
Arboliva
56%
Baojian
56%
Blizzaroi
56%
Blizzi
56%
Bruyverne
56%
Chapotus
56%
Charbi
56%
Cléopsytra
56%
Dinglu
56%
Dispareptil
56%
Embrochet
56%
Épine-de-Fer
56%
Floramantis
56%
Floréclat
56%
Flotte-Mèche
56%
Foretress
56%
Frigodo
56%
Fulgulairo
56%
Gambex
56%
Gamblast
56%
Glaivodo
56%
Gueriaigle
56%
Hastacuda
56%
Lilliterelle
56%
Mesmerélla
56%
Mimantis
56%
Monthracite
56%
Mordudor
56%
Olivado
56%
Pimito
56%
Polthégeist
56%
Pomdrapi
56%
Rampe-Ailes
56%
Sorcilence
56%
Tomberro
56%
Virevorreur
56%
Wagomine
56%
Wimessir
56%
Bibichut
44%
Fourbelin
44%
Aucun quiz correspondant
Distribution des résultats
% des personnes avec chaque résultat
Percentile par nombre de réponses
Votre historique - résultats
Vous n’avez pas pris ce quiz